Statistics for Geography Quiz (Part 2)

Click here to take the quiz!

General Stats

  • This quiz has been taken 18 times
  • The average score is 14 of 30

Answer Stats

HintAnswer% Correct
Which continent has the highest average elevation?Antarctica
79%
What is the 5th largest nation in terms of both land area and population?Brazil
71%
With a population larger than Canada, which US state has the greatest population?California
71%
What is the only country with a non-rectangular flag?Nepal
71%
Which city was formerly known as Leningrad and Petrograd?Saint Petersburg
71%
Which peninsula was forcibly annexed by Russia in 2014?Crimean Peninsula
64%
Which German city has the busiest airport?Frankfurt
64%
Which ocean does the Zambezi River ultimately flow into?Indian Ocean
64%
Which country exports the most usable iron ore?Australia
57%
What is the southernmost capital city in the world?Wellington
57%
The Chiang Jiang River is more commonly referred to as what name?Yangtze River
57%
Which body of water sits between the Dardanelles and Bosphorus Straits?Sea of Marmara
50%
Located in Argentina, which peak is South America's highest?Aconcagua
43%
The regions/breakaway states of Abkhazia and South Ossetia are located in which country?Georgia
43%
What is the highest navigable lake?Lake Titicaca
43%
To which island was Napoleon Bonaparte exiled to the second time?Saint Helena
43%
In which country do the Prime Meridian and the Tropic of Cancer intersect?Algeria
36%
Which building located in Dubai is the tallest structure in the world?Burj Khalifa
36%
What is the most populous Hawaiian city not located on Oahu?Hilo
36%
Which country contains the latest time zone, UTC +14? (Not counting daylight savings times)Kiribati
36%
Madagascar is separated from the African mainland by what body of water?Mozambique Channel
36%
What is the capital of the only Dutch-speaking South American country?Paramaribo
36%
The city of Calais is separated from the United Kingdom by which body of water?Strait of Dover (English Channel)
36%
Melilla and which other Spanish exclave are surrounded by Morocco?Ceuta
29%
Which European Union country is the farthest east?Cyprus
29%
Out of the four main Japanese islands, which one is the smallest?Shikoku
29%
Which river is the fourth longest in Europe?Dnieper River
21%
On the island of Svalbard, what is the northernmost settlement in the world with a permanent population of at least 1,000 people?Longyearbyen
21%
What is the least densely populated Mexican state?Baja California Sur
14%
What is the capital of the Canadian province/territory with the 3rd lowest population?Yellowknife
14%

Score Distribution

Percentile by Number Answered

Percent of People with Each Score

Your Score History

You have not taken this quiz